000 00237nam a22001097a 4500
041 _aENG
100 _aPrakash.M
245 _aComplimentary Copy
260 _aDelhi
_bICAR
_c1998
650 _aCompetitive (47)
856 _uCompetitive (47)
999 _c3071
_d3071